[Event "Mittelrhein Verbandsliga Sued 1920"]
[Site "Mittelrhein"]
[Date "2020.02.16"]
[Round "6.6"]
[White "Scholl, Thomas"]
[Black "Fast, Hartmut"]
[Result "0-1"]
[WhiteElo "1696"]
[BlackElo "1827"]
[PlyCount "78"]
[EventDate "2019.09.29"]
[EventType "team-tourn"]
[EventRounds "9"]
[EventCountry "GER"]
[SourceTitle "EXT 2023"]
[Source "ChessBase"]
[SourceDate "2022.10.05"]
[SourceVersion "1"]
[SourceVersionDate "2022.10.05"]
[SourceQuality "1"]
[WhiteTeam "Hennef"]
[BlackTeam "Siebengebirge"]
[WhiteTeamCountry "GER"]
[BlackTeamCountry "GER"]

1. Nf3 Nf6 2. c4 e6 3. Nc3 b6 4. d4 Bb4 5. Bg5 Bb7 6. Rc1 h6 7. Bh4 g5 8. Bg3 Ne4 9. e3 c5 10. Bd3 Na6 11. d5 Nxg3 12. hxg3 Qf6 13. Nd2 Bxc3 14. bxc3 exd5 15. cxd5 Qe5 16. Qe2 Nc7 17. f4 Qe7 18. e4 0-0-0 19. Nc4 d6 20. Ne3 Kb8 21. Kd2 b5 22. Nf5 Qf6 23. e5 dxe5 24. fxe5 Qa6 25. d6 Ne6 26. Rc2 c4 27. Be4 Nc5 28. Bf3 Bc8 29. Nd4 Bb7 30. Rb1 Rhe8 31. Bxb7 Nxb7 32. Nxb5 Qc6 33. Nd4 Rxd6 34. Kc1 Qc5 35. Qf3 Rd5 36. Rcb2 Re7 37. Qf6 Rdxe5 38. Nc6+ Qxc6 39. Qxc6 Re1+ 0-1

[Event "Mittelrhein Verbandsliga-S 18/19"]
[Site "Nordrheinwestfalen"]
[Date "2019.04.07"]
[Round "9.7"]
[White "Scholl, Thomas"]
[Black "Hennig, Edgar Paul"]
[Result "1/2-1/2"]
[WhiteElo "1665"]
[BlackElo "1871"]
[PlyCount "75"]
[EventDate "2018.09.02"]
[EventType "team-tourn"]
[EventRounds "11"]
[EventCountry "GER"]
[SourceTitle "EXT 2022"]
[Source "ChessBase"]
[SourceDate "2021.10.06"]
[SourceVersion "1"]
[SourceVersionDate "2021.10.06"]
[SourceQuality "1"]
[WhiteTeam "Hennef"]
[BlackTeam "Satranc Club"]
[WhiteTeamCountry "GER"]
[BlackTeamCountry "GER"]

1. e4 c6 2. d4 d5 3. e5 c5 4. c3 Nc6 5. Be2 Bf5 6. Nf3 e6 7. 0-0 Qb6 8. Qa4 Qa5 9. Qxa5 Nxa5 10. dxc5 Nc6 11. Be3 Nge7 12. Na3 a6 13. Rfd1 Ng6 14. Nd4 Nxd4 15. cxd4 h5 16. Rac1 Ne7 17. Bd2 Nc6 18. Be1 Be7 19. Nc2 Bg5 20. Ne3 Bg6 21. b4 0-0 22. a3 f6 23. exf6 Bxf6 24. Bc3 Bg5 25. Bb2 Rf4 26. b5 axb5 27. Bxb5 Re4 28. Bd3 Rxe3 29. Bxg6 Re2 30. Rc2 Rxc2 31. Bxc2 Bf6 32. Kf1 Kf7 33. Rd3 Na5 34. f4 Nc4 35. Bc1 b6 36. cxb6 Nxb6 37. Be3 Nc4 38. Bc1 1/2-1/2

[Event "Mittelrhein Verbandsliga-S 17/18"]
[Site "Nordrheinwestfalen"]
[Date "2017.09.10"]
[Round "1.6"]
[White "Jonas, Rainer"]
[Black "Scholl, Thomas"]
[Result "1-0"]
[WhiteElo "1799"]
[BlackElo "1653"]
[PlyCount "63"]
[EventDate "2017.09.10"]
[EventType "team-tourn"]
[EventRounds "11"]
[EventCountry "GER"]
[SourceTitle "EXT 2022"]
[Source "ChessBase"]
[SourceDate "2021.10.06"]
[SourceVersion "1"]
[SourceVersionDate "2021.10.06"]
[SourceQuality "1"]
[WhiteTeam "Rheinbacher SF"]
[BlackTeam "Hennef"]
[WhiteTeamCountry "GER"]
[BlackTeamCountry "GER"]

1. d4 Nf6 2. Nf3 e6 3. e3 c5 4. Bd3 Nc6 5. 0-0 d5 6. b3 Bd6 7. Bb2 0-0 8. Nbd2 b6 9. Ne5 Bb7 10. f4 cxd4 11. exd4 Ne7 12. Qf3 Qc8 13. Qh3 Ne4 14. Rad1 f6 15. Ng4 Nf5 16. Nxe4 dxe4 17. Bc4 Bd5 18. Be2 Qxc2 19. Ne3 Nxe3 20. Qxe3 Qxb2 21. Rd2 Qa3 22. f5 e5 23. Kh1 Rfd8 24. dxe5 Bxe5 25. Rxd5 Qb2 26. Bc4 Kf8 27. Qxe4 Re8 28. Qh4 h6 29. Qh5 Re7 30. Rfd1 Bd4 31. h3 Re4 32. R5xd4 1-0